000 00403nam a22001577a 4500
999 _c532572
_d532572
003 NUST
005 20191125163410.0
008 191125b ||||| |||| 00| 0 eng d
038 _aMSOHAIL
082 _a0
100 _a Jack Porteous
_926168
245 _aDesigners’ Guide to Eurocode 5: Design of Timber Buildings
260 _aLondon
_bICE Publishing
_cc2013
300 _av.p
942 _2ddc
_cBK